000 01161nam a2200205Ia 4500
003 Ost
005 20260507075046.0
008 260507s9999||||xx |||||||||||||| ||und||
040 _cfsecg
041 _aara
082 _a330
100 _aمجيد، جاسم
_eمؤلف
245 0 _aدراسات في الإدارة العامة /
_c جاسم مجيد
260 _aالإسكندرية:
_bمؤسسة شباب الجامعة,
_c2001
300 _a284 صفحة؛
_bإيضاحات ؛
_c24 سم
520 _aمجال الإدارة العامة- تطور الإدارة- الإدارة العامة والمدخل السياسي- المدخل النفسي- المدخل من الناحية الإجتماعية- الفكر التنظيمي وتطوره- أهداف التنظيم في تحقيق الأهداف- التنظيم الرسمي وغير الرسمي- العلاقات الإنسانية- الأجهزة الإدارية- منهج العمل الإداري وأسلوبه- الإدارة وفن القيادة- اتخاذ القرارات.
653 _aاتخاذ القرارات
653 _aالإدارة العامة
942 _cكتاب
999 _c42577
_d42577